Principios de la educación contemporánea / (Record no. 175234)

MARC details
000 -LEADER
campo de control de longitud fija 00729nam a22002055i 4500
001 - NÚMERO DE CONTROL
campo de control 175234
003 - IDENTIFICADOR DE NÚMERO DE CONTROL
campo de control ES-MaACL
005 - FECHA Y HORA DE LA ÚLTIMA TRANSACCIÓN
campo de control 20250814225825.0
008 - DATOS DE LONGITUD FIJA--INFORMACIÓN GENERAL
campo de control de longitud fija 101015s1972 sp |||| | spa d
080 ## - NÚMERO DE LA CLASIFICACIÓN DECIMAL UNIVERSAL
Número de la Clasificación Decimal Universal 37.013"19"
100 0# - ENTRADA PRINCIPAL--NOMBRE DE PERSONA
Nombre de persona Marín Ibáñez, Ricardo.
9 (RLIN) 76792
245 10 - MENCIÓN DEL TÍTULO
Título Principios de la educación contemporánea /
Mención de responsabilidad, etc. Ricardo Marín Ibáñez.
260 ## - PUBLICACIÓN, DISTRIBUCIÓN, ETC.
Lugar de publicación, distribución, etc. Madrid :
Nombre del editor, distribuidor, etc. Rialp,
Fecha de publicación, distribución, etc. [1972]
300 ## - DESCRIPCIÓN FÍSICA
Extensión 252 p. ;
Dimensiones 23 cm.
490 1# - MENCIÓN DE SERIE
Mención de serie Biblioteca de Educación y Ciencias Sociales. Serie Investigaciones y ensayos ;
Designación de volumen o secuencia 10
650 04 - PUNTO DE ACCESO ADICIONAL DE MATERIA--TÉRMINO DE MATERIA
Término de materia o nombre geográfico como elemento de entrada Pedagogía-
Subdivisión cronológica S.XX.
9 (RLIN) 143625
830 00 - PUNTO DE ACCESO ADICIONAL DE SERIE-TÍTULO UNIFORME
Título uniforme Biblioteca de educación y ciencias sociales
Designación de volumen o secuencia 10
9 (RLIN) 231016
852 ## - LOCALIZACIÓN
Ubicación ES-MaACL
Número de control de estantería E-13395
Encuadernación Olim P-478-Ter
Holdings
Estatus retirado Estado de pérdida Estado de daño No para préstamo Biblioteca de origen Biblioteca actual Ubicación en estantería Fecha de adquisición Fuente de adquisición Total de préstamos Signatura topográfica completa Código de barras Visto por última vez Precio de reemplazo Tipo de ítem Koha
        Biblioteca del Ateneo de Madrid Biblioteca del Ateneo de Madrid Depósito 2 15/10/2010     E-13395 1183997 23/02/2023 23/02/2023 Libro impreso